Religion Quiz

Random Religion or Book Quiz

Bible Books by Story Quiz Stats

 Plays Quiz Updated Dec 23, 2018

Support Sporcle.
Go Orange.
Score 0/16 Timer 05:00
0 Plays Today
Event/Story Book of the Bible % Correct
Moses parts the Red SeaExodus
96%
CreationGenesis
93.6%
Baptism of JesusMatthew, Mark, and Luke
87.3%
Ten CommandmentsExodus and Deuteronomy
85.8%
Nativity of JesusMatthew and Luke
84.2%
Noah's ArkGenesis
80.4%
Sermon on the MountMatthew
80%
Raising of LazarusJohn
79.5%
Event/Story Book of the Bible % Correct
Prophet swallowed by Great FishJonah
77%
The Fall of JerichoJoshua
61%
Tongues of FireActs
57.4%
Story of Solomon1 Kings
56.6%
David and Goliath1 Samuel
53%
SamsonJudges
52.2%
The Fiery Furnace in BabylonDaniel
51.6%
Whоre of BabylonBook of the Revelation of John
36.6%

From the Vault

Visual Typing Challenge

by vikZ

Having more than the standard number of eyeballs might help you do even better.
Remove Ads.
Support Sporcle.
Get the best of Sporcle when you Go Orange. This ad-free experience offers more features, more stats, and more fun while also helping to support Sporcle. Thank you for becoming a member.

Show Comments

Extras

Top Quizzes Today


Score Distribution

Your Account Isn't Verified!

In order to create a playlist on Sporcle, you need to verify the email address you used during registration. Go to your Sporcle Settings to finish the process.

Report this User

Report this user for behavior that violates our Community Guidelines.

Details: